000 00536nam a2200205 a 4500
001 BRCA_6665
005 20190320205540.0
008 121011s1914----gw-a######---#000-0#ger-#
041 _ager
044 _agw
050 4 _aQL101
_b.B64 1914
100 1 _aBölsche, Wilhelm
_d1861-1939
_916359
245 1 0 _aTierwanderungen in der Urwelt
_cvon Wilhelm Bölsche.
260 _aStuttgart, Alemania
_bKosmos
_c1914
300 _a96 p.
_bil.
_c20 cm.
500 _aL183
650 1 4 _aZoogeografía
_916683
902 _aGFM
942 _2lcc
_cB
999 _c6349
_d6349